Welcome to the Holygrace Academy Library

Please use search bar below to get started

SELECTED ESSAYS (Record no. 3671)

MARC details
000 -LEADER
fixed length control field 00247nam a22001217a 4500
082 ## - DEWEY DECIMAL CLASSIFICATION NUMBER
Classification number 824
Item number BHA/S
100 ## - MAIN ENTRY--AUTHOR NAME
Personal name BHATIA,M.P
245 ## - TITLE STATEMENT
Title SELECTED ESSAYS
260 ## - PUBLICATION, DISTRIBUTION, ETC. (IMPRINT)
Place of publication AGRA
Name of publisher M. I PUBLICATIONS
300 ## - PHYSICAL DESCRIPTION
Number of Pages 192
650 ## - SUBJECT ADDED ENTRY--TOPICAL TERM
Topical Term ESSAY
Geographic subdivision INDIA
942 ## - ADDED ENTRY ELEMENTS (KOHA)
Koha item type Books
Holdings
Withdrawn status Lost status Collection code Home library Current library Shelving location Date acquired Source of acquisition Full call number Accession Number Koha item type
    Reference Main Library Main Library SHELF-16B -ENGLISH SPEECHES,ESSAYS,QUOTES 10/10/2006 PURCHASE 824 BHA/S 00870 Books